|
|
|
|
| LEADER |
03946nam a2200541 4500 |
| 001 |
ocn901319287 |
| 003 |
OCoLC |
| 005 |
20170124065901.3 |
| 006 |
m o d |
| 007 |
cr cnu|||unuuu |
| 008 |
150130s2014 gw o 000 0 ger d |
| 040 |
|
|
|a DG1
|b eng
|e rda
|e pn
|c DG1
|d OCLCF
|d YDXCP
|d DG1
|d GrThAP
|
| 019 |
|
|
|a 922280656
|
| 020 |
|
|
|a 9783433603406
|q electronic bk.
|
| 020 |
|
|
|a 3433603405
|q electronic bk.
|
| 024 |
7 |
|
|a 10.1002/9783433603406
|2 doi
|
| 029 |
1 |
|
|a CHVBK
|b 33409383X
|
| 029 |
1 |
|
|a CHBIS
|b 010442343
|
| 029 |
1 |
|
|a GBVCP
|b 821082590
|
| 029 |
1 |
|
|a GBVCP
|b 863147275
|
| 035 |
|
|
|a (OCoLC)901319287
|z (OCoLC)922280656
|
| 050 |
|
4 |
|a TA633
|
| 082 |
0 |
4 |
|a 624.1
|2 23
|
| 049 |
|
|
|a MAIN
|
| 245 |
0 |
0 |
|a 2015 BetonKalender :
|b Bauen im Bestand Brücken /
|c Herausgegeben von Prof. Dipl.-Ing. DDr. Dr.-Ing. E.h. Konrad Bergmeister, Wien, Dr.-Ing. Frank Fingerloos, Berlin, Prof. Dr.-Ing. Dr. h.c. mult. Johann-Dietrich Wörner, Darmstadt.
|
| 246 |
3 |
|
|a Beton Kalender
|
| 250 |
|
|
|a 104. Jahrgang.
|
| 264 |
|
1 |
|a Berlin, Germany :
|b Ernst & Sohn,
|c 2014.
|
| 300 |
|
|
|a 1 online resource.
|
| 336 |
|
|
|a text
|b txt
|2 rdacontent
|
| 337 |
|
|
|a computer
|b c
|2 rdamedia
|
| 338 |
|
|
|a online resource
|b cr
|2 rdacarrier
|
| 505 |
0 |
|
|a Erhalt unserer Bausubstanz / Peter Mark, Pia Neugebauer -- Tragwerksplanung im Bestand : Bewertung Bestehender Tragwerke / Frank Fingerloos, Steffen Marx, Jürgen Schnell, Uwe Angnes, Guido Bolle, Gregor Schacht, Florian Stauder, Michael Weber -- Instandsetzung von Tiefgaragen und Parkhäusern / Christian Sodeikat, Till F Mayer -- Erhaltung und Instandsetzung von Massiven Verkehrswasserbauwerken / Andreas Westendarp, Holger Becker, Jörg Bödefeld, Helmut Fleischer, Claus Kunz, Matthias Maisner, Hilmar Müller, Amir Rahimi, Thorsten Reschke, Frank Spörel -- Kathodischer Korrosionsschutz im Stahlbetonbau / Thorsten Eichler, Susanne Gieler-Breßmer -- Bewertung der Leistungsfähigkeit von Instandsetzungsmaterialien und der Lebensdauer von Instand Gesetzten Stahlbetonbauteilen unter Chlorideinwirkung / Christoph Gehlen, Amir Rahimi, Thorsten Reschke, Andreas Westendarp -- Innovative Monitoringstrategien für Bestandsbauwerke / Konrad Bergmeister, Peter Mark, Michael Österreicher, David Sanio, Peter Heek, Alexander Krawtschuk, Alfred Strauss, Mark Alexander Ahrens -- Baudynamik / Claudia Westerkamp-Freitag, Johann-Dietrich Wörner -- Maschinenfundamente / Hans-Werner Nordhues -- Feste Fahrbahn in Betonbauweise / Stephan Freudenstein, Konstantin Geisler, Tristan Mölter, Michael Mißler, Christian Stolz -- Einwirkungen auf Brücken nach den Eurocodes / Balthasar Novák, Peter Lippert -- Entwurf, Bemessung und Konstruktion von Betonbrücken / Karlheinz Haveresch, Reinhard Maurer -- Die Nachrechnung von Betonbrücken : Fortschreibung der Nachrechnungsrichtlinie / Gero Marzahn, Josef Hegger, Reinhard Maurer, Konrad Zilch, Daniel Dunkelberg, Agnieszka Kolodziejczyk, Frederik Teworte -- Normen und Regelwerke / Frank Fingerloos, Daia Zwicky, Thomas Vogel, Walter Potucek, Markus Vill -- Stichwortverzeichnis.
|
| 588 |
0 |
|
|a Online resource; title from PDF title page (John Wiley, viewed January 30, 2015).
|
| 650 |
|
0 |
|a Structural engineering.
|
| 650 |
|
0 |
|a Concrete construction.
|
| 650 |
|
0 |
|a Concrete bridges
|x Design and construction.
|
| 650 |
|
0 |
|a Concrete bridges
|x Maintenance and repair.
|
| 650 |
|
7 |
|a Concrete bridges
|x Design and construction.
|2 fast
|0 (OCoLC)fst01728119
|
| 650 |
|
7 |
|a Concrete bridges
|x Maintenance and repair.
|2 fast
|0 (OCoLC)fst01715665
|
| 650 |
|
7 |
|a Concrete construction.
|2 fast
|0 (OCoLC)fst00874261
|
| 650 |
|
7 |
|a Structural engineering.
|2 fast
|0 (OCoLC)fst01135658
|
| 655 |
|
4 |
|a Electronic books.
|
| 700 |
1 |
|
|a Bergmeister, Konrad,
|e editor.
|
| 700 |
1 |
|
|a Fingerloos, Frank,
|e editor.
|
| 700 |
1 |
|
|a Wörner, Johann Dietrich,
|e editor.
|
| 856 |
4 |
0 |
|u https://doi.org/10.1002/9783433603406
|z Full Text via HEAL-Link
|
| 994 |
|
|
|a 92
|b DG1
|